| 000 | 00415nam a2200157Ia 4500 | ||
|---|---|---|---|
| 005 | 20240807062301.0 | ||
| 008 | 240806s9999||||xx |||||||||||||| ||eng|| | ||
| 041 | _aeng | ||
| 082 |
_a305.891411 _bVISS |
||
| 100 | _aMaikaivar, R.M. ; Page, Charles H. | ||
| 245 | 0 |
_aSociety / _cMaikaivar, R.M. ; Page, Charles H. |
|
| 260 | _bRatan Prakashan Mandir, Agra | ||
| 300 | _a499p. | ||
| 650 | _aSociology | ||
| 942 | _cBK | ||
| 999 |
_c14198 _d14198 |
||